| 000 | nam a22 a 4500 | ||
|---|---|---|---|
| 999 |
_c2825 _d2825 |
||
| 003 | AKMAL | ||
| 005 | 20170518111727.0 | ||
| 008 | 170518s1988 xxu 00 eng d | ||
| 020 | _a0256067791 | ||
| 039 | 9 |
_a201409171012 _bfadzli |
|
| 040 | _aAKMAL | ||
| 082 | 0 | 4 | _a657.45 MEI |
| 090 |
_a657.45 _bMEI |
||
| 245 |
_aPrinciples of auditing / _cWalter B. Meigs... (et. al.) |
||
| 250 | _aRev. 8th ed. | ||
| 260 |
_aHomewood, Ill. : _bIrwin, _c1988 |
||
| 300 |
_axvii, 706p. ; _c25cm |
||
| 500 | _aRev. ed. of: Principles of auditing/Walter B. Meigs. 8th ed. 1985 | ||
| 504 | _aIncludes bibliographies | ||
| 650 |
_aAuditing _95887 |
||
| 700 | 1 |
_aMeigs, Walter _95968 |
|
| 942 |
_2ddc _cBOOK |
||